Poetas ingleses metafísicos del siglo XVII / (Registro nro. 11416)

Detalles MARC
000 -LIDER
fixed length control field 00930nam a22002777a 4500
001 - NÚMERO DE CONTROL
Identificador de número de control 000505
003 - IDENTIFICACDOR DE NÚMERO DE CONTROL
control field DO-SdBPM
005 - DATE AND TIME OF LATEST TRANSACTION
control field 20250509130710.0
007 - CAMPOS FIJOS DE DESCRIPCIÓN FÍSICA
fixed length control field 000505
008 - ELEMENTOS DE LONGITUD FIJA
fixed length control field 160916b1970 sp || 00| 0 spa d
040 ## - FUENTE DE CATALOGACIÓN
Agencia que crea de manera original el registro DO-SdBPM
Idioma de catalogación spa
Agencia que realiza la transcripción BPMSU
082 #4 - NÚMERO DE CLASIFICACIÓN DECIMAL DE DEWEY
Classification number 820.4
Item number M719p 1970
Edition number 22
100 1# - ASIENTO PRINCIPAL -- NOMBRE PERSONAL
Nombre personal Molho, Blanca.
245 10 - MENCIÓN DE TITULO
Título Poetas ingleses metafísicos del siglo XVII /
Mención de responsabilidad selección, versión y prólogo de Blanca y Maurice Molho ; preparación de textos originales María Gomis.
260 ## - PUBLICACIÓN, DISTRIBUCIÓN, ETC. (PIE DE IMPRENTA)
Lugar de publicación, distribución, etc Barcelona :
Nombre del editor, distribuidor, etc. Editorial Barral,
Fecha de publicación, distribución, etc 1970.
300 ## - DESCRIPCIÓN FÍSICA
Extensión 181 p., 3 h. ;
Dimensiones 19 cm.
490 0# - MENCIÓN DE SERIES
Mención de serie Ediciones de bolsillo;
-- Poesía. Libros de enlace
Volume/sequential designation 23
590 ## - NOTA LOCAL
Texto de la nota local Inventariado, 2025/VM
650 #4 - ENCABEZAMIENTO DE MATERIA--TEMÁTICO
Término temático o nombre geográfico como elemento de entrada Literatura inglesa
Subdivisión cronológica 1500-1700.
650 #4 - ENCABEZAMIENTO DE MATERIA--TEMÁTICO
Término temático o nombre geográfico como elemento de entrada Poetas ingleses.
700 1# - ASIENTO SECUNDARIO -- NOMBRE PERSONAL
Nombre personal Molho, Mauricio
700 1# - ASIENTO SECUNDARIO -- NOMBRE PERSONAL
Nombre personal Gomis Bertrand, María
700 1# - ASIENTO SECUNDARIO -- NOMBRE PERSONAL
Nombre personal Molho, Blanca
910 ## - VALIDACIÓN
Validación VMateo V. Control de calidad. BPMSU
942 ## - ADDED ENTRY ELEMENTS (KOHA)
Source of classification or shelving scheme Dewey Decimal Classification
Koha item type Libros
Existencias
Withdrawn status Lost status Source of classification or shelving scheme Damaged status Not for loan Collection code Home library Current library Date acquired Source of acquisition Total Checkouts Full call number Barcode Date last seen Price effective from Koha item type
    Dewey Decimal Classification     Colección General Biblioteca Pública Metropolitana Salomé Ureña Biblioteca Pública Metropolitana Salomé Ureña 09/16/2016   BPMSU CG 820.4 M719p 1970 BPMSU16090353 09/16/2016 09/16/2016 Libros